000 00437nam a2200169Ia 4500
008 230711s9999||||xx |||||||||||||| ||und||
020 _a978-81-7409-251-9
041 _aENG
082 _a624
_bDU-O
100 _aDuggal,S.K
245 0 _aObjective type questions and answers in Civil Engineering
250 _a2nd Ed.
260 _c2016
_aNew Delhi
_bKhanna Publishers
300 _a900p.
650 _aCivil Engineering
942 _cBK
999 _c6132
_d6132